|
|
|
|
| LEADER |
00000nkmaa2200000 a 4500 |
| 001 |
vtls010172269 |
| 003 |
SK-MaSNL |
| 005 |
20260425223612.0 |
| 007 |
kf bo |
| 008 |
231204q1902 xo 000 ||00 k|hun |
| 015 |
|
|
|a SNBG1902
|
| 035 |
|
|
|a 7A28BFDA-57DD-4C01-B188-F0D223B30883
|
| 035 |
|
|
|a urn:nbn:sk:snk-km001mxg
|
| 035 |
|
|
|a urn:nbn:sk:snk-kmtiu0
|
| 040 |
|
|
|a SNKLA
|b slo
|c SNKLA
|e AACR2
|
| 041 |
0 |
|
|a hun
|
| 044 |
|
|
|a xo
|c SK
|
| 245 |
0 |
0 |
|a Trencsén
|h [grafika]
|
| 260 |
|
|
|a Trencsén
|b Gansel Lipót
|c [1902?]
|
| 300 |
|
|
|a 1 pohľadnica
|b čb
|c 9x14 cm
|
| 610 |
2 |
7 |
|a Trenčiansky hrad (Trenčín, Slovensko)
|2 SNKKA
|9 33647
|
| 651 |
|
7 |
|a Slovensko
|2 SNKPH
|9 14231
|
| 651 |
|
7 |
|a Trenčín (Slovensko)
|2 SNKPH
|9 159956
|
| 655 |
|
7 |
|a geografické pohľadnice
|2 SNKPH
|9 70522
|
| 655 |
|
7 |
|a historické pohľadnice
|2 SNKPH
|9 159703
|
| 752 |
|
|
|a Slovensko
|d Trenčín
|
| 958 |
|
|
|a BLA
|
| 999 |
|
|
|c 590385
|d 592315
|
| 952 |
|
|
|a SNKLA
|b SNKLA
|c SNKLA_DEP
|y NEVYP
|7 0
|p 17A0650025
|o snkLA 1333/1956
|0 0
|1 0
|4 0
|d 2014-09-03
|f 1
|l 0
|r 2026-02-23 15:22:24
|w 2026-02-23
|